000 00762nas a2200253 i 4500
001 2412
003 ES-MaACL
005 20250416163046.0
007 t|
008 950801c1993 sp m| | 1 ||pa d
080 _a(460)
080 _a796/799
245 0 0 _aAire libre
_b: aventura, viajes, deporte, naturaleza.
260 _aMadrid :
_bArthax,
_c1993-
300 _a1 v. ;
_c29 cm.
310 _aMensual
362 0 _aNÂș 1 (feb. 1993)-
650 1 4 _aDeportes.
_911591
655 7 _2tgfbne
_9226866
_aRevistas
852 _aES-MaACL
_jHEM-H-123
_xOlim: Hem-1974
_zExpurgado marzo 2025: muy incomplerta, solo un numero; en Biblioteca Regional de la Comunidad de Madrid
866 0 _o(1993).
942 _2udc
999 _c2412
_d2412